Joe Celko's SQL Programming style (Record no. 152)

MARC details
000 -LEADER
Fixed length control field 00439nam a2200169 4500
003 - CONTROL NUMBER IDENTIFIER
Control field SEACOMEC
005 - DATE AND TIME OF LATEST TRANSACTION
Control field 20240416120745.0
008 - FIXED-LENGTH DATA ELEMENTS--GENERAL INFORMATION
Fixed length control field 231006b |||||||| |||| 00| 0 eng d
040 ## - CATALOGING SOURCE
Original cataloging agency SEACOMEC
082 ## - DEWEY DECIMAL CLASSIFICATION NUMBER
Classification number 005.13
Book Number C392
100 1# - MAIN ENTRY--PERSONAL NAME
Personal name Celko, Joe
245 1# - TITLE STATEMENT
Title Joe Celko's SQL Programming style
260 ## - IMPRINT
Place of publication New Delhi
Name of publisher Elsevier
Date of publication 2006
650 ## - SUBJECT ADDED ENTRY--TOPICAL TERM
Topical term Computer programming, programs, data
650 ## - SUBJECT ADDED ENTRY--TOPICAL TERM
Topical term Programming languages
942 ## - ADDED ENTRY ELEMENTS (KOHA)
Koha item type Books
Holdings
Withdrawn status Lost status Source of classification Damaged status Not for loan Home library Current library Date acquired Total Checkouts Call number Accession number Date last seen Price effective from Koha item type
    Dewey Decimal Classification     SEACOM ENGINEERING COLLEGE SEACOM ENGINEERING COLLEGE 03/08/2006   005.13 C392 5120 06/10/2023 06/10/2023 Books
© Seacom Engineering College, All rights reserved.      Powered by Koha